000 00735nam a22002057a 4500
999 _c11320
_d11320
003 AR-CdUCM
008 190403b ||||| |||| 00| 0 spa d
040 _aMUNICIPALIDAD PROVINCIAL DEL CUSCO
_cBIBLIOTECA MUNICIPAL DEL CUSCO
082 _aEP / 809 /
_bV43
100 _aVelasco, Fernando
_928633
245 _aCuando las grandes heroínas eran niñas /
260 _aBarcelona :
_bEdit.Cervantes,
_c1962.
300 _a124 paginas ;
_bIlustraciones,
_c23 cm.
440 _aColección Olimpo
_928634
505 _aContenido :Judit --Ester--Mallani --Catalina de Erauzo --Natalia Dolgoruki --La princesa de Lamballe ...
650 _aLiteratura
_983
650 _aEducación primaria
_91561
942 _2ddc
_cLIBROS
945 _arjall